|
|
|
|
| LEADER |
01060pam a22003258a 4500 |
| 001 |
00046547 |
| 008 |
210324s2015####-vm#################vie|d |
| 005 |
20210324080334.0 |
| 020 |
# |
# |
|c 0
|
| 041 |
0 |
# |
|a vie
|
| 082 |
0 |
4 |
|a 658.4
|b C205TH
|
| 245 |
1 |
0 |
|a CEO - thời hội nhập
|c Tập thể tác giả
|
| 260 |
# |
# |
|a Tp. Hồ Chí Minh
|b Thanh Niên
|c 2011
|
| 300 |
# |
# |
|a 153tr.
|b minh hoạ
|c 24cm
|
| 490 |
0 |
# |
|v T.2
|a Bộ sách Cẩm nang dành cho CEO
|
| 653 |
# |
# |
|a Thành công
|
| 653 |
# |
# |
|a Quản lý
|
| 653 |
# |
# |
|a Kinh doanh
|
| 653 |
# |
# |
|a Tổng giám đốc
|
| 700 |
# |
# |
|a Bùi Văn
|
| 700 |
# |
# |
|a Lê Chí Hiếu
|
| 700 |
# |
# |
|a Lương Văn Tự
|
| 700 |
# |
# |
|a Nguyễn Thanh Hoàn
|
| 700 |
# |
# |
|a Đặng Đức Thành
|e ch.b.
|
| 700 |
# |
# |
|a Định Thị Mỹ Loan
|
| 852 |
# |
# |
|j KD.0027924
|j KM.0035437
|j KM.0035438
|j KM.0035439
|j KM.0035440
|
| 920 |
|
|
|a Đặng Đức Thành
|
| 930 |
|
|
|a 359336
|
| 941 |
|
|
|b KT
|
| 980 |
# |
# |
|a Trung tâm Học liệu Lê Vũ Hùng, Trường Đại học Đồng Tháp
|